000 01078cam a2200337 a 4500
001 15675636
003 OSt
005 20140310183111.0
008 090326s2009 ph a 000 0 eng
010 _a 2009316276
020 _a9712721342
040 _aDLC
_cDLC
_dDLC
042 _alcode
_apcc
043 _aa-ph---
050 0 0 _aDS676
_b.Oc15 2009
082 0 0 _aFIL959.90297
_bO15 2009
100 1 _aOcampo, Ambeth R.
245 1 0 _a101 stories on the Philippine revolution
_cOcampo, Ambeth R.
246 3 _aOne hundred one stories on the Philippine revolution
260 _aPasig City, Philippines
_bAnvil
_cc2009
300 _axviii, 312 p.
_bill.
_c23 cm.
500 _a"Improved edition of the Centennial countdown (1998), now called 101 stories on the Philippine Revolution"--p. x.
521 _aCollege
526 _c1210L-1700L
541 _j1
562 _e1
651 0 _aPhilippines
_xHistory
_yRevolution, 1896-1898.
906 _a7
_bcbc
_corigode
_d3
_encip
_f20
_gy-gencatlg
942 _2lcc
_cBK
_kFIL
999 _c18850
_d18850